| 000 | 00596nam a2200169 4500 | ||
|---|---|---|---|
| 999 |
_c17310 _d17310 |
||
| 008 | 220922b ||||| |||| 00| 0 eng d | ||
| 020 | _a9780367649920 | ||
| 082 |
_22022 _aDC 394.2068 _bK830 |
||
| 100 |
_aKolb, Bonita M. _946064 |
||
| 245 |
_aEvent management for the tourism and hospitality industries / _cBonita M. Kolb. |
||
| 260 |
_aLondon : _bRoutledge, _c©2022. |
||
| 300 |
_aix, 164 pages ; _c25 cm. |
||
| 500 | _aIncludes bibliographical references and index. | ||
| 650 |
_aSpecial events _xManagement. _9235 |
||
| 650 |
_aTourist trade _xManagement. _946065 |
||
| 942 |
_2ddc _cDC |
||